000 00495nam a2200193Ia 4500
003 OSt
005 20250205143330.0
008 210210b1978 xxu||||| |||| 00| 0 eng d
040 _cAL
041 _aKannada
082 _aK894.3 BICL
100 _aBICHI.
_9131348
_dಬೀಚಿ.
245 _aLevadi hennu.
_bಲೇವಡಿ ಹೆಣ್ಣು
260 _aBengaluru
_bPrakasha Sahitya
_c1978
300 _aii.198
690 _aKannada Fiction
_9131349
906 _a033208
942 _2ddc
_cBK
999 _c84195
_d84195